Michael Bay Movies! - Statistics

General Stats
  • This quiz has been taken 13 times
  • The average score is 8 of 63
Answer Stats
Hint Answer % Correct
2007 Transformers
100%
1998 Armageddon
50%
2011 Transformers: Dark of the Moon
50%
2009 Transformers: Revenge of the Fallen
50%
1995 Bad Boys
40%
2003 Bad Boys II
40%
1996 The Rock
40%
2014 Transformers: Age of Extinction
40%
2017 Transformers: The Last Knight
40%
2016 13 Hours
30%
2022 Ambulance
30%
2020 Bad Boys For Life
30%
2018 Bumblebee
30%
2013 Pain and Gain
30%
2019 6 Underground
20%
2001 Pearl Harbor
20%
2013 The Purge
20%
2010 A Nightmare on Elm Street
10%
2018 A Quiet Place
10%
2020 A Quiet Place Part II
10%
2023 A Quiet Place Part III
10%
2009 Friday the 13th
10%
2005 The Amityville Horror
10%
2021 The Forever Purge
10%
2005 The Island
10%
2014 The Purge: Anarchy
10%
2016 The Purge: Election Year
10%
2003 The Texas Chainsaw Massacre
10%
2006 The Texas Chainsaw Massacre: The Beginning
10%
2023 Transformers: Rise of the Beasts
10%
2017 Accident
0%
2013 After the Dark
0%
2013 All is Lost
0%
2014 A Most Violent Year
0%
TBD Apartment 7A
0%
TBD Armored
0%
2000 Coyote Ugly
0%
2002 Half Past Dead
0%
2009 Horseman
0%
2011 I Am Number Four
0%
1993 Indecent Proposal
0%
1981 Indiana Jones and the Raiders of the Lost Ark
0%
2005 In the Blink of an Eye
0%
TBD Little America
0%
1999 Mystery Men
0%
TBD Occult
0%
2015 Office Staff
0%
2014 Ouija
0%
2016 Ouija: Origin of Evil
0%
2015 Project Almanac
0%
TBD Robopocalypse
0%
2020 Songbird
0%
2016 Teenage Mutant Ninja Turtles: Out of the Shadows
0%
2014 Teenage Nutant Ninja Turtles
0%
2013 The Face of Love
0%
2018 The First Purge
0%
2015 The Haunting of Pearson Place
0%
2007 The Hitcher
0%
TBD The Raid
0%
2009 The Unborn
0%
2015 VANish
0%
1986 Vengeance: The Story of Tony Cimo
0%
2001 Zigs
0%
No matching quizzes found
Score Distribution
Percent of People with Each Score
Percentile by Number Answered
Your Score History
You have not taken this quiz